Chin students association : (Record no. 7737)

MARC details
000 -LEADER
fixed length control field 00402nam a22001457a 4500
003 - CONTROL NUMBER IDENTIFIER
control field GBCCL
005 - DATE AND TIME OF LATEST TRANSACTION
control field 20241126110635.0
008 - FIXED-LENGTH DATA ELEMENTS--GENERAL INFORMATION
fixed length control field 180914b ||||| |||| 00| 0 eng d
040 ## - CATALOGING SOURCE
Transcribing agency gbc
082 ## - DEWEY DECIMAL CLASSIFICATION NUMBER
Classification number SOU CHI
Item number 2006
245 ## - TITLE STATEMENT
Title Chin students association :
Remainder of title golden jubilee 1956-2006 souvenir /
Statement of responsibility, etc. Khamsuanlun Hatzaw , editor
260 ## - PUBLICATION, DISTRIBUTION, ETC.
Date of publication, distribution, etc. 2006.
Place of publication, distribution, etc. Lamka :
Name of publisher, distributor, etc. CSA,
300 ## - PHYSICAL DESCRIPTION
Extent 136pages,
942 ## - ADDED ENTRY ELEMENTS (KOHA)
Source of classification or shelving scheme Dewey Decimal Classification
Koha item type Archives
Holdings
Withdrawn status Lost status Source of classification or shelving scheme Damaged status Not for loan Home library Current Library Shelving location Date acquired Total checkouts Full call number Barcode Date last seen Copy number Price effective from Koha item type
    Dewey Decimal Classification     GRACE BIBLE COLLEGE GRACE BIBLE COLLEGE Archives 2018-09-14   SOU CHI 2006 250121 2025-05-01 c.1 2018-09-14 Archives
© Grace Bible College Library 2025